Premiér - prezident - volebný líder HZDS?

Bibliographic Details
Main Author: Mesežnikov, Grigorij, 1958- (Author)
Format: Article
Language:Slovak
PhysicalDescription:Obr.
Subjects:

MARC

LEADER 00000nab a2200000 a 4500
001 vtls000655560
003 SK-MaSNL
005 20260526034556.0
008 040806c1998 xo 0 slo
015 |a SNBRA1998/03-07774 
035 |a CLN000007752 
040 |a SNKBUCL  |b slo  |c SNKBUCL  |e AACR2 
041 0 |a slo 
044 |a xo  |c SK 
080 |a 329.7(437.6)HZDS:324  |2 UDC-MRF-SK2 
100 1 |a Mesežnikov, Grigorij,  |d 1958-  |4 aut  |9 87097 
245 1 0 |a Premiér - prezident - volebný líder HZDS?  |c Grigorij Mesežnikov 
300 |b Obr. 
610 2 7 |a Hnutie za demokratické Slovensko  |2 snkbucl  |9 14440 
648 7 |a 1998  |2 snkbucl  |9 282348 
650 0 7 |a prezidentské voľby  |2 snkbucl  |9 4489 
651 7 |a Slovensko  |2 snkbucl  |9 14231 
655 7 |a články z novín a časopisov  |2 snkbucl  |9 267496 
773 0 |t Mosty  |g Roč. 7, č. 6 (1998), s. 8 
850 |a Slovenská národná knižnica v Martine 
852 |a SNK  |b KIS3GCP 
999 |c 3244511  |d 3246441